00309nam a2200121Ia 4500008004100000100002000041245003200061260004200093300000900135650001900144942000700163999001700170190216s9999||||xx |||||||||||||| ||und|| aAnthony Thwaite 0aContemporary English Poetry bHeinemann Educational Books Ltdc1964 a175p aEnglish Poetry cBK c12105d12105